LEADER 02371nam 2200685Ia 450 001 9910451927503321 005 20200520144314.0 010 $a0-19-191658-7 010 $a1-280-82948-6 010 $a0-19-154517-1 010 $a9786610829484 010 $a1-4356-1800-9 035 $a(CKB)1000000000482304 035 $a(EBL)422912 035 $a(OCoLC)466434053 035 $a(SSID)ssj0000216373 035 $a(PQKBManifestationID)11191060 035 $a(PQKBTitleCode)TC0000216373 035 $a(PQKBWorkID)10197351 035 $a(PQKB)10821918 035 $a(MiAaPQ)EBC422912 035 $a(StDuBDS)EDZ0002341068 035 $a(PPN)195275209 035 $a(Au-PeEL)EBL422912 035 $a(CaPaEBR)ebr10263701 035 $a(CaONFJC)MIL82948 035 $a(EXLCZ)991000000000482304 100 $a20050307d2005 uy 0 101 0 $aeng 135 $aur|n|---||||| 181 $ctxt 182 $cc 183 $acr 200 14$aThe origin and evolution of mammals$b[electronic resource] /$fT.S. Kemp 210 $aOxford ;$aNew York $cOxford University Press$d2005 215 $a1 online resource (342 p.) 225 1 $aOxford biology 300 $aPreviously issued in print: 2005. 311 $a0-19-850760-7 311 $a0-19-850761-5 320 $aIncludes bibliographical references (p. 291-323) and index. 327 $aContents; 1 Introduction; 2 Time and classification; 3 Evolution of the mammal-like reptiles; 4 Evolution of mammalian biology; 5 The Mesozoic mammals; 6 Living and fossil marsupials; 7 Living and fossil placentals; References; Index 330 8 $aMammals are the dominant large animals of today, occurring in virtually every environment. This text is an account of the remarkable fossil records that document their origin since the extinction of the dinosaurs. 410 0$aOxford biology. 606 $aMammals$xEvolution 606 $aMammals$xOrigin 608 $aElectronic books. 615 0$aMammals$xEvolution. 615 0$aMammals$xOrigin. 676 $a599.1 676 $a599.1/38 676 $a599.138 700 $aKemp$b T. S$g(Thomas Stainforth)$0931503 801 0$bMiAaPQ 801 1$bMiAaPQ 801 2$bMiAaPQ 906 $aBOOK 912 $a9910451927503321 996 $aThe origin and evolution of mammals$92095416 997 $aUNINA LEADER 01583nas 2200409 n 450 001 990009075980403321 005 20240229084259.0 011 $a0044-118X 035 $a000907598 035 $aFED01000907598 035 $a(Aleph)000907598FED01 035 $a000907598 091 $2CNR$aP 00046825 100 $a20161109a19699999km-y0itaa50------ba 101 0 $aeng 110 $aauu-------- 200 1 $aYouth and society 207 1$a1969- 210 $aBeverly Hills$cSage Publications 326 $aTrimestrale 452 0$12001$aYouth & society 517 0 $aYouth & society 530 0 $aYouth and society 675 $a301.18 675 $a304 676 $a301.43/15/05 676 $a305 801 0$aIT$bACNP$c20090723 859 4 $uhttp://acnp.cib.unibo.it/cgi-ser/start/it/cnr/dc-p1.tcl?catno=32125&person=false&language=ITALIANO&libr=&libr_th=unina1$zBiblioteche che possiedono il periodico 901 $aSE 912 $a990009075980403321 958 $aBiblioteca. Facoltà di Scienze Matematiche Fisiche e Naturali dell'Università Federico II$b1982-1987;$c1982;$fSC1 959 $aSC1 996 $aYouth and society$9786824 997 $aUNINA AP1 8 $6866-01$aNA018 Biblioteca. Facoltà di Scienze Matematiche Fisiche e Naturali dell'Università Federico II$eVia Cintia-Monte S. Angelo, 80126 Napoli (NA)$m081676740/41/39$m081676740$nit AP2 40$aacnp.cib.unibo.it$nACNP Italian Union Catalogue of Serials$uhttp://acnp.cib.unibo.it/cgi-ser/start/it/cnr/df-p.tcl?catno=32125&language=ITALIANO&libr=&person=&B=1&libr_th=unina&proposto=NO